Statistics for Singers By Other Names

Click here to take the quiz!

General Stats

  • This quiz has been taken 36 times
  • The average score is 8 of 15

Answer Stats

Hint Answer % Correct
Marshall MathersEminem
90%
Cherilyn SarkisianCher
90%
Stefani Joanne GermanottaLady Gaga
76%
Robert ZimmermanBob Dylan
72%
Gordon SumnerSting
69%
Reginald Kenneth DwightElton John
62%
Katheryn Elizabeth HudsonKaty Perry
62%
Park Jae-sangPSY
59%
Richard StarkeyRingo Starr
55%
Paul David HewsonBono
45%
Anthony BenedettoTony Bennett
45%
Calvin BroadusSnoop Dogg
41%
William Bruce Rose, JrAxl Rose
34%
Stevland Hardaway MorrisStevie Wonder
24%
Patricia AndrzejewskiPat Benatar
17%

Score Distribution

Percentile by Number Answered

Percent of People with Each Score

Your Score History

You have not taken this quiz